| 000 | 00760nam a2200169Ia 4500 | ||
|---|---|---|---|
| 005 | 20250123001737.0 | ||
| 008 | 240331s9999 xx 000 0 und d | ||
| 020 | _a8188965375 | ||
| 082 |
_bDEM _25974 _a305.4 |
||
| 245 | 0 |
_aAt The Cutting Edge: _bEssays in Honour of Kumari Jayawardena |
|
| 260 |
_aNew Delhi _bWomen Unlimited (an associate of Kali for Women) _c2007 |
||
| 300 | _axxxvi, 288 p., | ||
| 500 | _aA collection of essays honouring Kumari Jayawardena, who's a South Asian scholar, social scientist and activist. These essays contain critical thoughts on issues of gender, class, human rights, culture and nationalism, which resonate closely with her works on such topics | ||
| 700 |
_aDe Mel, N _eedt |
||
| 700 |
_aThiruchandran, S _eedt |
||
| 942 | _cL | ||
| 999 |
_c1521 _d1521 |
||